乘风破浪的姐姐 前七季选手 - Statistics

General Stats
  • This quiz has been taken 4 times
  • The average score is 94 of 223
Answer Stats
Hint Answer % Correct
第一季(总冠军) 宁静
100%
第一季(成团) 李斯丹妮
100%
第一季(四公淘汰) 吴昕
100%
第二季(总冠军) 那英
100%
第二季(成团) 吉克隽逸
100%
第二季(成团) 容祖儿
100%
第三季(成团) 谭维维
100%
第三季(四公退赛) 徐梦桃
100%
第四季(总冠军) 陈嘉桦
100%
第四季(成团) 美依礼芽
100%
第四季(成团) 谢娜
100%
第四季(成团) 芝芙
100%
第四季(成团) 龚琳娜
100%
第四季(未成团) 孙悦
100%
第六季(总冠军) 叶童
100%
第六季(成团) 吴宣仪
100%
第六季(四公淘汰) 李嘉琦
100%
第七季 萧蔷
100%
第七季 李心洁
100%
第七季 范玮琪
100%
第七季 李小冉
100%
第七季 乌兰图雅
100%
第七季 叶一茜
100%
第七季 王濛
100%
第七季 者来女
100%
第七季 庄法
100%
第七季 万千惠
100%
第七季 孙怡
100%
第七季 安崎
100%
第一季(成团) 万茜
67%
第一季(成团) 孟佳
67%
第一季(成团) 张雨绮
67%
第一季(未成团) 王霏霏
67%
第一季(未成团) 阿朵
67%
第一季(未成团) 蓝盈莹
67%
第一季(二公淘汰) 沈梦辰
67%
第二季(成团) 周笔畅
67%
第二季(成团) 杨丞琳
67%
第二季(成团) 王鸥
67%
第二季(成团) 杨钰莹
67%
第二季(未成团) 张柏芝
67%
第二季(四公淘汰) 张馨予
67%
第二季(二公淘汰) 阿兰
67%
第三季(总冠军) 王心凌
67%
第三季(成团) 郑秀妍
67%
第三季(成团) 钟欣潼
67%
第三季(成团) 蔡卓妍
67%
第三季(成团) 唐诗逸
67%
第三季(成团) 郭采洁
67%
第三季(成团) 张天爱
67%
第三季(未成团) 张蔷
67%
第三季(未成团) 赵梦
67%
第三季(未成团) 朱洁静
67%
第三季(五公淘汰) 张歆艺
67%
第三季(四公淘汰) 许茹芸
67%
第三季(四公淘汰) 胡杏儿
67%
第三季(三公淘汰) 柳翰雅
67%
第三季(一公淘汰) 吴莫愁
67%
第三季(一公淘汰) 黄小蕾
67%
第四季(成团) 刘逸云
67%
第四季(成团) 朱珠
67%
第四季(未成团) 瞿颖
67%
第四季(未成团) 蔡少芬
67%
第四季(五公淘汰) 徐怀钰
67%
第四季(四公淘汰) 秋瓷炫
67%
第四季(二公淘汰) 李彩桦
67%
第五季(总冠军) 陈昊宇
67%
第五季(成团) 陈丽君
67%
第五季(成团) 尚雯婕
67%
第五季(成团) 戚薇
67%
第五季(成团) 刘忻
67%
第五季(成团) 萨顶顶
67%
第五季(成团) 袁娅维
67%
第五季(未成团) 张予曦
67%
第五季(未成团) 朱丹
67%
第五季(二公淘汰) 郭书瑶
67%
第六季(成团) 王珞丹
67%
第六季(成团) 张小婉
67%
第六季(成团) 李晟
67%
第六季(成团) 管乐
67%
第六季(未成团) 曹颖
67%
第六季(一公淘汰) 王蓉
67%
第七季 徐洁儿
67%
第七季 温峥嵘
67%
第七季 谢楠
67%
第七季 曾沛慈
67%
第七季 陶昕然
67%
第七季 侯宇
67%
第七季 代斯
67%
第七季 张月
67%
第七季 陈瑶
67%
第七季 张艺上
67%
第一季(成团) 郁可唯
33%
第一季(成团) 黄龄
33%
第一季(未成团) 张含韵
33%
第一季(五公淘汰) 黄圣依
33%
第一季(四公淘汰) 张萌
33%
第一季(四公淘汰) 袁咏琳
33%
第一季(二公淘汰) 钟丽缇
33%
第一季(一公淘汰) 刘芸
33%
第一季(一公淘汰) 许飞
33%
第一季(一公淘汰) 王智
33%
第二季(未成团) 胡静
33%
第二季(未成团) 李菲儿
33%
第二季(未成团) 陈梓童
33%
第二季(四公淘汰) 江映蓉
33%
第二季(一公淘汰) 汤晶媚
33%
第二季(踢馆失败) 苏运莹
33%
第二季(踢馆失败) 曾黎
33%
第三季(成团) 于文文
33%
第三季(成团) 薛凯琪
33%
第三季(未成团) 吴谨言
33%
第三季(三公淘汰) 刘恋
33%
第三季(二公淘汰) 赵樱子
33%
第四季(成团) 刘惜君
33%
第四季(成团) 黄丽玲
33%
第四季(成团) 卢靖姗
33%
第四季(未成团) 张嘉倪
33%
第四季(未成团) 曾可妮
33%
第四季(未成团) 陈意涵
33%
第四季(未成团) 汪小敏
33%
第四季(未成团) 唐伯虎
33%
第四季(五公淘汰) 谢欣
33%
第四季(四公退赛) 吴倩
33%
第四季(三公淘汰) 吴优
33%
第四季(二公淘汰) 赵丽娜
33%
第四季(一公淘汰) 许靖韵
33%
第四季(一公淘汰) 卡捷琳娜
33%
第五季(成团) 何洁
33%
第五季(成团) 韩雪
33%
第五季(未成团) 万妮达
33%
第五季(未成团) 孙夏铃
33%
第五季(未成团) 郭碧婷
33%
第五季(未成团) 谢金燕
33%
第五季(未成团) 郑妮可
33%
第五季(五公淘汰) 王琳
33%
第五季(三公淘汰) 李嘉格
33%
第五季(二公退赛) 玛丽
33%
第五季(一公淘汰) 韩懿莹
33%
第五季(一公退赛) 莎莎
33%
第六季(成团) 罗予彤
33%
第六季(未成团) 陈德容
33%
第六季(未成团) 马吟吟
33%
第六季(未成团) 黄英
33%
第六季(未成团) 李艺彤
33%
第六季(五公淘汰) 房琪
33%
第六季(五公淘汰) 江一燕
33%
第六季(二公淘汰) 刘禹彤
33%
第六季(二公淘汰) 蒋梦婕
33%
第六季(一公淘汰) 何泓姗
33%
第七季 淡淡
33%
第七季 江语晨
33%
第七季 阚清子
33%
第七季 陈凯琳
33%
第七季 何宣林
33%
第七季 张慧雯
33%
第七季 徐梦洁
33%
第七季 黄灿灿
33%
第七季(一公淘汰) 赵子琪
33%
第七季(一公淘汰) 维妮娜
33%
第六季(未成团) VaVa毛衍七
33%
第一季(未成团) 金晨
0%
第一季(未成团) 郑希怡
0%
第一季(未成团) 伊能静
0%
第一季(五公淘汰) 白冰
0%
第一季(三公淘汰) 金莎
0%
第一季(三公淘汰) 王丽坤
0%
第一季(二公淘汰) 丁当
0%
第一季(一公淘汰) 陈松伶
0%
第一季(一公淘汰) 朱婧汐
0%
第一季(一公淘汰) 海陆
0%
第二季(未成团) 陈小纭
0%
第二季(未成团) 蒋璐霞
0%
第二季(未成团) 吕一
0%
第二季(四公淘汰) 袁姗姗
0%
第二季(三公淘汰) 弦子
0%
第二季(三公淘汰) 陈妍希
0%
第二季(三公淘汰) 董洁
0%
第二季(三公淘汰) 贾青
0%
第二季(二公淘汰) 金巧巧
0%
第二季(二公淘汰) 左小青
0%
第二季(二公淘汰) 程莉莎
0%
第二季(二公淘汰) 宣璐
0%
第二季(一公淘汰) 安又琪
0%
第二季(一公淘汰) 董璇
0%
第二季(一公淘汰) 刘烨
0%
第二季(一公淘汰) 李慧珍
0%
第三季(未成团) 齐溪
0%
第三季(未成团) 张俪
0%
第三季(未成团) 王紫璇
0%
第三季(四公淘汰) 毛俊杰
0%
第三季(三公淘汰) 黄奕
0%
第四季(成团) 贾静雯
0%
第四季(未成团) 刘雅瑟
0%
第四季(未成团) 吉娜爱丽丝
0%
第四季(三公淘汰) 李莎旻子
0%
第四季(一公淘汰) 陈冰
0%
第四季(一公淘汰) 王佳宇
0%
第五季(成团) 蔡文静
0%
第五季(成团) 柳岩
0%
第五季(成团) 乔伊斯乔纳森
0%
第五季(未成团) 苗苗
0%
第五季(五公淘汰) 杨谨华
0%
第五季(四公淘汰) 蔡诗云
0%
第五季(四公退赛)
0%
第五季(三公淘汰) 范湉湉
0%
第五季(三公淘汰) 周扬青
0%
第五季(三公淘汰) 赵奕欢
0%
第五季(二公淘汰) 吴恙
0%
第五季(二公淘汰) 郭颖
0%
第五季(二公淘汰) 靳梦佳
0%
第五季(一公淘汰) 李溪芮
0%
第六季(成团) 侯佩岑
0%
第六季(成团) 宋妍霏
0%
第六季(成团) 祝绪丹
0%
第六季(未成团) 倪虹洁
0%
第六季(未成团) 邓萃文
0%
第六季(未成团) 卡琳娜
0%
第六季(未成团) 蒋一侨
0%
第六季(四公淘汰) 谭薇
0%
第六季(三公淘汰) 努恩
0%
第六季(三公淘汰) 彭小苒
0%
第七季 唐艺昕
0%
No matching quizzes found
Score Distribution
Percent of People with Each Score
Percentile by Number Answered
Your Score History
You have not taken this quiz